| 000 | 00338nam a22001457a 4500 | ||
|---|---|---|---|
| 003 | SGT | ||
| 082 |
_a616.024 _bS15D |
||
| 100 | _aDOOLEY, JAMES | ||
| 245 | _aSHERLOCK'S DISEASES OF THE LIVER AND BILIARY SYSTEM | ||
| 250 | _a12TH | ||
| 260 |
_aINDIA _bWILL BLACK WELL _c2015 |
||
| 300 | _a771 | ||
| 650 | _aHOMOEOPATHIC | ||
| 942 |
_2ddc _cBK |
||
| 999 |
_c18603 _d18603 |
||